Normal view
MARC view
- Ardra C Babu
Entry Personal Name
001 - CONTROL NUMBER
- control field: 4238
003 - CONTROL NUMBER IDENTIFIER
- control field: OSt
005 - DATE AND TIME OF LATEST TRANSACTION
- control field: 20190715123523.0
008 - FIXED-LENGTH DATA ELEMENTS
- fixed length control field: 190715|| aca||aabn | a|a d
040 ## - CATALOGING SOURCE
- Original cataloging agency: OSt
- Transcribing agency: OSt
100 ## - HEADING--PERSONAL NAME
- Personal name: Ardra C Babu
670 ## - SOURCE DATA FOUND
- Source citation: Work cat.: (OSt): Ardra C Babu, Development abd Performance Evaluation of a Pneumatic potato slicer, 2019
